|
|
|
|
| LEADER |
00000cam a2200000 7i4500 |
| 001 |
0000001358 |
| 002 |
000001495 |
| 005 |
20000330.0 |
| 020 |
|
|
|a 9676103349
|
| 090 |
0 |
0 |
|a 370.9595
|b PEN
|
| 100 |
0 |
|
|a Shahril @ Charil Marzuki
|
| 245 |
0 |
0 |
|a Pendidikan di Malaysia
|c Shahril @ Charil Marzuki...[et al.]
|
| 260 |
|
|
|a Kuala Lumpur :
|b Utusan Publications & Distrubutors Sdn.Bhd. ,
|c 1993
|
| 300 |
|
|
|a 222p. :
|b ill ;
|c 22cm.
|
| 490 |
0 |
|
|a Pengajian dan Pendidikan
|
| 650 |
0 |
0 |
|a Education
|z Malaysia
|
| 700 |
0 |
|
|a Zainun Ishak
|
| 999 |
|
|
|a 00171300
|b BUKU
|c PINJAMAN
|e PERPUSTAKAAN KOMUNITI PETALING JAYA
|
| 999 |
|
|
|a 030675
|b BUKU
|c PINJAMAN
|e PERPUSTAKAAN KOMUNITI PETALING JAYA
|
| 999 |
|
|
|a 030676
|b BUKU
|c PINJAMAN
|e PERPUSTAKAAN KOMUNITI PETALING JAYA
|
| 999 |
|
|
|a 040349
|b BUKU
|c PINJAMAN
|e PERPUSTAKAAN KOMUNITI PETALING JAYA
|
| 999 |
|
|
|a 040350
|b BUKU
|c PINJAMAN
|e PERPUSTAKAAN KOMUNITI PETALING JAYA
|